Island Country Shapes - Sudden Death - Statistics

General Stats
  • This quiz has been taken 989 times
    982 since last reset
  • The average score is 11 of 18
Answers on the Grid
Answers color-coded by a green-red scale on the quiz's grid according to % correct below.
 
Answer Stats
Answer % Correct
74%
74%
73%
73%
72%
72%
72%
67%
64%
63%
62%
60%
60%
54%
53%
33%
28%
28%
No matching quizzes found
Score Distribution
Percent of People with Each Score
Percentile by Number Answered
Your Score History
You have not taken this quiz since the last reset